Friends Episodes by Image IX Quiz Stats

 Plays Quiz not verified by Sporcle

Support Sporcle.
Go Orange.
Score 0/16 Timer 05:00
0 Plays Today
% Correct
Barbados
83.2%
Phone
83.2%
Test
79.2%
Birthday
77.3%
Soap
76.2%
Emma
75.1%
Work
74.1%
Sings
73%
% Correct
Blind
70.5%
Sister
69.5%
Sharks
66.5%
Christmas
66.2%
Rats
61.1%
Memorial
60.5%
Proposes
56.8%
Dream
52.7%

You're not logged in!

Compare scores with friends on all Sporcle quizzes.
OR
Log In

From the Vault

Female 'A' Singers

by Flick

We were just thinking about how we could use a good music quiz. Isn't that ironic?
Remove Ads.
Support Sporcle.
Get the best of Sporcle when you Go Orange. This ad-free experience offers more features, more stats, and more fun while also helping to support Sporcle. Thank you for becoming a member.

Show Comments

Extras

Top Quizzes Today


Score Distribution

Your Account Isn't Verified!

In order to create a playlist on Sporcle, you need to verify the email address you used during registration. Go to your Sporcle Settings to finish the process.

Report this User

Report this user for behavior that violates our Community Guidelines.

Details: